Fútbol #2 (mundial) - Estadísticas

Estadísticas generales
  • Esta prueba ha sido intentada 108 veces
  • La puntuación promedio es 8 de 15
Estadísticas de respuestas
Pregunta Respuesta % Correcto
Donde se disputó la edición de 1994? Estados Unidos
81%
Cual de estos países no jugó nunca una final? Suiza
79%
Que selección ganó el mundial de 1978? Argentina
77%
En qué ronda fue el mítico gol “la mano de Dios” de Maradona contra Inglaterra en 1986? Cuartos de final
62%
Cual es el único jugador argentino que ganó dos mundiales? Passarella
62%
Cual de las siguientes selecciones perdió más finales? Checoslovaquia
58%
Que jugador tiene el récord de más goles en una solo edición? Just Fontaine
57%
Quien es el futbolista que jugó más partidos en mundiales? Messi
57%
Que selección perdió la final de 1958 contra Brasil? Suecia
57%
Cual es el jugador latinoamericano con más goles en mundiales? Nazario
55%
Cuantas finales se decidieron en la tanda de penaltis? 3
51%
Que selección ha disputado más finales? Alemania
47%
Cual fue la final con más goles? Brasil-Suecia (1958)
38%
Cual fue la primera selección en perder dos mundiales? Hungría
28%
Cual fue el primer jugador en meter un hat-trick en una final? Hurst
23%
No se encontraron pruebas coincidentes
Distribución de puntuación
Porcentaje de gente con cada puntuación
Porcentaje por número respondido
Historial de tus puntuaciones
No has intentado esta prueba.